Indian Icon: (Record no. 183851)

MARC details
000 -LEADER
fixed length control field 00625nam a22001817a 4500
005 - DATE AND TIME OF LATEST TRANSACTION
control field 20220106115155.0
010 ## - LCCN (DPL NO)
LC control number ENG-130971
020 ## - INTERNATIONAL STANDARD BOOK NUMBER
International Standard Book Number 978-93-89-648-553
Terms of availability 699.00
035 ## - SYSTEM CONTROL NUMBER
System control number EN-114503
037 ## - SOURCE OF ACQUISITION
Source of stock number/acquisition DBAD
082 ## - DEWEY DECIMAL CLASSIFICATION NUMBER
Classification number 629.22750954
100 ## - MAIN ENTRY--PERSONAL NAME
Personal name Raj, Amrit
245 ## - TITLE STATEMENT
Title Indian Icon:
Statement of responsibility, etc Amrit Raj
Remainder of title A Cult Called Royal Enfield/
260 ## - PUBLICATION, DISTRIBUTION, ETC. (IMPRINT)
Place of publication, distribution, etc Chennai
Name of publisher, distributor, etc Westland Publications Private LImited
Date of publication, distribution, etc 2020
270 ## - ADDRESS
City Chennai
Postal code 600096
Address 1st Floor, A Block, East Wing, Plot No. 40, SP infocity, Dr. MGR Salai, Perungundi, Kandanchavadi
300 ## - PHYSICAL DESCRIPTION
Extent 301p.
Dimensions 18cm(hbk)
942 ## - ADDED ENTRY ELEMENTS (KOHA)
Source of classification or shelving scheme Dewey Decimal Classification
Item type English Books
Classification part 629.22750954
Call number suffix RAJ
Holdings
Withdrawn status Lost status Not for loan Collection code Home library Current library Date acquired Source of acquisition Cost, normal purchase price Full call number Barcode Copy number Cost, replacement price Koha item type
      Non-fiction Mobile Library Mobile Library 06/01/2022 DBAD/PUB 699.00 629.22750954 RAJ EN-114503 1 699.00 English Books

© Delhi Public Library
Hit Counter
free hit counter